| Tag |
First Indicator |
Second Indicator |
Subfields |
| LEADER |
00000cam a2200000 i 4500 |
| 001 |
in00004411213 |
| 008 |
200915s2020 enka 001 0 eng d |
| 005 |
20250308175615.4 |
| 020 |
|
|
|a 9781789382334
|q (hbk.)
|
| 020 |
|
|
|a 1789382335
|
| 020 |
|
|
|z 9781789382341 (ePub ebook)
|
| 020 |
|
|
|z 9781789382358 (PDF ebook)
|
| 035 |
|
|
|a (OCoLC)on1202959082
|
| 040 |
|
|
|a YDX
|e rda
|c YDX
|d UAT
|d QGK
|d TXA
|
| 049 |
|
|
|a TXAM
|
| 050 |
|
4 |
|a PN1997.85
|b .L69 2020
|
| 082 |
0 |
|
|a 791.436
|2 23
|
| 100 |
1 |
|
|a Lowe, Victoria,
|e author.
|
| 245 |
1 |
0 |
|a Adapting performance between stage and screen /
|c Victoria Lowe.
|
| 264 |
|
1 |
|a Bristol, UK ;
|a Chicago :
|b Intellect Books,
|c 2020.
|
| 300 |
|
|
|a viii, 212 pages ;
|c 25 cm.
|
| 336 |
|
|
|a text
|2 rdacontent
|
| 336 |
|
|
|a still image
|2 rdacontent
|
| 337 |
|
|
|a unmediated
|2 rdamedia
|
| 338 |
|
|
|a volume
|2 rdacarrier
|
| 504 |
|
|
|a Includes bibliographical references (pages 173-191) and index.
|
| 650 |
|
0 |
|a Film adaptations
|x History and criticism.
|
| 650 |
|
0 |
|a Stage adaptations
|x History and criticism.
|
| 650 |
|
0 |
|a Film adaptations
|v Case studies.
|
| 650 |
|
0 |
|a Stage adaptations
|v Case studies.
|
| 650 |
|
0 |
|a Theater and society.
|
| 650 |
|
0 |
|a Performing arts
|x Technological innovations.
|
| 650 |
|
0 |
|a Motion pictures
|z Great Britain
|x History
|v Case studies.
|
| 650 |
|
0 |
|a Theater
|z Great Britain
|x History
|v Case studies.
|
| 948 |
|
|
|a cataloged
|b h
|c 2021/12/20
|d c
|e dmitchel
|f 11:44:28 AM
|
| 955 |
|
|
|a Print purchased PDA title
|
| 994 |
|
|
|a C0
|b TXA
|
| 999 |
f |
f |
|s 88b58893-599b-3fe5-9abc-e85d9d1d8ca8
|i a8d5bc43-68f2-3506-a60c-e1d55d8db881
|t 0
|
| 952 |
f |
f |
|p normal
|a Texas A&M University
|b College Station
|c Sterling C. Evans Library
|d Evans: Library Stacks
|t 0
|e PN1997.85 .L69 2020
|h Library of Congress classification
|i unspecified -- unspecified
|m A14851241316
|
| 998 |
f |
f |
|a PN1997.85 .L69 2020
|t 0
|l Evans: Library Stacks
|